ბათუმის შოთა რუსთაველის სახელმწიფო უნივერსიტეტის ბიბლიოთეკა

მეგრული ლექსიკონი : (ბიბ.ჩანაწერი № 62937)

000 -ლიდერი
ფიქსირებული სიგრძის საკონტროლო ველი 01146nam a22002177a 4500
003 - საკონტროლო ნომრის იდენტიფიკატორი
საკონტროლო ველი Ge_BSU
005 - ბოლო ოპერაციის თარიღი და დრო
საკონტროლო ველი 20250328141051.0
008 - ფიქსირებული სიგრძის მონაცემთა ელემენტები - ზოგადი ინფორმაცია
ფიქსირებული სიგრძის საკონტროლო ველი 250326s2010 ge ||||| |||| 00| 0 geo d
020 ## - წიგნის საერთაშორისო სტანდარტული ნომერი
International Standard Book Number 9789941421143
041 ## - ენის კოდი
Language code of text/sound track or separate title geo
080 ## - უნივერსალური ათობითი კლასიფიკაციის ინდექსი
Universal Decimal Classification number 81'374.822=353.32=353.1 ქ-60
100 ## - მთავარი ჩანაწერი - პიროვნების სახელი
Personal name ქობალია, ალიო
9 (RLIN) 24682
245 ## - ცნობა სათაურის შესახებ
Title მეგრული ლექსიკონი :
Remainder of title [დაახლ. 90 000 ლექსიკური ერთეული] /
Statement of responsibility, etc ალიო ქობალია; რედ.: მერაბ ჩუხუა, ნონა ქობალია, ნანა ქობალია.
264 ## - წარმოების, გამოცემის, დისტრიბუციის და სხვა ცნობები
გამოცემის, წარმოების, დისტრიბუციის... ადგილი თბ. :
გამოცემის, წარმოების, დისტრიბუციის... სახელწოდება არტანუჯი,
გამოცემის, წარმოების, დისტრიბუციის... თარიღი 2010.
300 ## - ფიზიკური აღწერა
Extent 748 გვ. ;
Other physical details 30 სმ.
490 ## - სერიის ცნობა
Series statement კოლხური სერია, 1512-3855 /
Volume number/sequential designation სერიის მთ. რედ. ბუბა კუდავა ; 7
700 ## - ADDED ENTRY--PERSONAL NAME
Personal name ჩუხუა, მერაბ
Relator term რედაქტორი
9 (RLIN) 16915
700 ## - ADDED ENTRY--PERSONAL NAME
Personal name ქობალია, ნონა
Relator term რედაქტორი
9 (RLIN) 24683
700 ## - ADDED ENTRY--PERSONAL NAME
Personal name ქობალია, ნანა
Relator term რედაქტორი
9 (RLIN) 24684
942 ## - ADDED ENTRY ELEMENTS (KOHA)
Source of classification or shelving scheme
Koha item type წიგნი
ეგზემპლარები
ჩამოწერის სტატუსი დაკარგული ეგზემპლარის სტატუსი კლასიფიკაციის წყარო ან თაროზე გაწყობის სქემა დაზიანების სტატუსი არ გაიცემა მუდმივი მდებარეობა (დაცვის ადგილი) ამჟამინდელი ადგილსამყოფელი თაროზე განთავსების ადგილი შეძენის თარიღი ღირებულება, შესყიდვის ნორმალური ფასი სრული შენახვის შიფრი შტრიხკოდი ბოლო ოპერაციის თარიღი ეგზემპლარის მიმდევრობითი ნომერი (კეტერი?) Uniform Resource Identifier ფასის ძალაში შესვლის თარიღი ეგზემპლარის სახეობა საჯარო შენიშვნა
          ბათუმის შოთა რუსთაველის სახელმწიფო უნივერსიტეტის მთავარი ბიბლიოთეკა ბათუმის შოთა რუსთაველის სახელმწიფო უნივერსიტეტის მთავარი ბიბლიოთეკა წიგნსაცავი 2025-03-26 20.00 81'374.822=353.32=353.1 ქ-60 70947 2025-03-26 70947 ნაჩუქარი 2025-03-26 წიგნი 20 ლ.